[Event "Prague Bohemians-A"]
[Site "Prague"]
[Date "1990.??.??"]
[Round "?"]
[White "Landenbergue, Claude"]
[Black "Mainka, Romuald"]
[Result "0-1"]
[WhiteElo "2385"]
[BlackElo "2445"]
[Annotator "Ribli,Z"]
[PlyCount "62"]
[EventDate "1990.01.??"]
[EventType "tourn"]
[EventRounds "13"]
[EventCountry "CZE"]
[EventCategory "8"]
[SourceTitle "CBM 017"]
[Source "ChessBase"]
[SourceDate "1990.08.01"]
[SourceVersion "1"]
[SourceVersionDate "1990.08.01"]
[SourceQuality "1"]

1. Nf3 c5 2. c4 Nc6 3. Nc3 e5 4. g3 g6 5. Bg2 Bg7 6. a3 a5 7. O-O Nge7 8. d3 d6
9. Bg5 $5 f6 $1 10. Bd2 Be6 11. Ne1 O-O 12. Nc2 d5 13. cxd5 {13.b3!?} Nxd5 14.
Ne3 Nde7 15. Ne4 b6 16. b4 axb4 17. axb4 Rxa1 18. Qxa1 cxb4 19. Qa4 Kh8 $5 20.
Bxb4 Nxb4 21. Qxb4 Nc6 22. Qd2 f5 23. Nc5 {23.Nc3, e4 =/+} bxc5 24. Bxc6 e4 25.
Rd1 Qd6 26. Bd5 f4 $1 {-/+} 27. gxf4 Bxd5 28. dxe4 Qxf4 29. exd5 Be5 30. Nf1
Qxf2+ 31. Kh1 Qh4 0-1

[Event "Hoogovens-B"]
[Site "Wijk aan Zee"]
[Date "1990.01.??"]
[Round "6"]
[White "Peelen, Piet"]
[Black "Polgar, Sofia"]
[Result "1-0"]
[WhiteElo "2380"]
[BlackElo "2410"]
[Annotator "Ribli,Z"]
[PlyCount "79"]
[EventDate "1990.01.??"]
[EventType "tourn"]
[EventRounds "11"]
[EventCountry "NED"]
[EventCategory "9"]
[SourceTitle "CBM 017"]
[Source "ChessBase"]
[SourceDate "1990.08.01"]
[SourceVersion "1"]
[SourceVersionDate "1990.08.01"]
[SourceQuality "1"]

1. c4 c5 2. Nc3 Nc6 3. g3 g6 4. Bg2 Bg7 5. Nf3 d6 6. d3 e5 7. a3 Nge7 8. Rb1 a5
9. O-O O-O 10. Bg5 $5 {10.Bd2, Rb8 11.Qa4, Bd7 12.Nb5?!, (12.Rfc1!?) 12...Na7!
=/+ Mednis-Schussler Palma de Mallorca GMA-op 1989  i 48/58} h6 $2 {10...f6!
11.Bd2, Be6} 11. Bxe7 Nxe7 12. Ne1 {/^ g2-b7 +/=} Rb8 13. Nc2 Be6 14. b4 $1
cxb4 15. axb4 d5 16. cxd5 Nxd5 17. Nxd5 Bxd5 18. Bxd5 Qxd5 19. Ne3 Qd8 20. Qa4
$1 axb4 21. Rxb4 {>< b7} f5 22. Rfb1 Rf7 23. Qa2 Kf8 24. Qe6 Qf6 25. Qc4 Qd8
26. Rb6 f4 27. Nd5 g5 28. Nc3 Rc8 29. Qb4+ Kg8 30. Ne4 {+/-} Bf8 31. Qb3 Rcc7
32. Qe6 f3 33. Qg6+ Bg7 34. Rd6 Qf8 35. exf3 Rxf3 36. Re6 Re7 37. Rxe7 Qxe7 38.
Rc1 $1 b5 39. Rc6 $1 b4 40. Re6 1-0

[Event "Budapest FS02 GM"]
[Site "Budapest"]
[Date "2000.02.13"]
[Round "9"]
[White "Csom, Istvan"]
[Black "Zhang, Pengxiang"]
[Result "1/2-1/2"]
[WhiteElo "2464"]
[BlackElo "2562"]
[Annotator "Ribli,Z"]
[PlyCount "129"]
[EventDate "2000.02.05"]
[EventType "tourn"]
[EventRounds "13"]
[EventCountry "HUN"]
[EventCategory "9"]
[SourceTitle "CBM 076"]
[Source "ChessBase"]
[SourceDate "2000.05.31"]
[SourceVersion "1"]
[SourceVersionDate "2000.05.31"]
[SourceQuality "1"]

1. Nf3 c5 2. c4 Nc6 3. g3 {Der routinierte ungarische Großmeister spielt gerne
die Englische Eröffnung, besonders die Systeme mit g3..} e5 4. Nc3 g6 5. Bg2
Bg7 6. d3 Nge7 7. O-O O-O {[%csl Yd5] Das ist eine Grundstellung der
Englischen Eröffnung. Der Punkt d5 ist ein positionelles Loch in der schwarzen
Stellung, dafür aber steht der Ne7 elastischer als der Nf3, so kann Schwarz z.
B. schnell f7-f5 ziehen.} 8. a3 (8. Ne1 {[%csl Yd5][%cal Ge1c2,Gc2e3,Ge3d5]
Das ist ein bekanntes Springermanöver - der Springer zielt auf das Feld d5.})
8... d6 9. Bd2 h6 (9... a5 10. Rb1 Rb8 11. Qa4 $5 Bd7 (11... Bg4 $5 12. Nb5 $5
Qd7 13. Qc2 $1 Rfc8 $6 14. Rfc1 (14. b4 axb4 15. axb4 cxb4 16. Bxb4 $14) 14...
b6 15. e4 $6 {0-1 Csom,I-Cramling,P/Bern 1992/Inf 54/[Cramling,P] (45)} (15. b4
$14)) (11... b6 12. Rfc1 Bd7 13. Qd1 h6 14. Ne1 Be6 15. Nc2 d5 16. cxd5 Nxd5
17. Nxd5 Bxd5 18. Bxd5 Qxd5 19. b4 cxb4 20. axb4 axb4 21. Nxb4 Nxb4 22. Rxb4 b5
23. Qb3 Qxb3 24. Rxb3 Rfc8 25. Rxc8+ Rxc8 26. Rxb5 Rc2 27. Be3 Rxe2 {1/2-1/2
Csom,I-Leko,P/HUN 1995/EXT 97 (27)}) 12. Rfc1 (12. Nb5 $6 Na7 $1 13. Bxa5 Qe8
$15 {Mednis-Schlüssler Palma de Mallorca GMA op 1989 48/58}) 12... Nd4 13. Qd1
Bc6 14. e3 Ne6 15. b4 axb4 16. axb4 cxb4 17. Nb5 e4 18. Nfd4 {1-0 Ribli,
Z-Hellers,F/Amsterdam 1986/CBM 01 (33)}) 10. Rb1 {Weiß bereitet Raumgewinnzug
durch 11.b4 vor.} a5 {Schwarz muss so spielen, aber das Feld b5 ist eine neue
positionelle Schwäche.} 11. Qa4 {Die Dame möchte gar nichts besonderes am
Damenflügel erreichen , sondern bereitet lediglich die Umplatzierung der
Schwerfiguren (Rfc1-Qd1) vor. Eventuell droht 12.b4, wenn der Ra8 nicht
verteidigt ist.} Be6 (11... Bd7 12. Rfc1 f5 13. Qd1 g5 14. Ne1 Be6 15. Nc2 Rb8
16. b4 b6 17. bxa5 bxa5 18. Rxb8 Qxb8 19. Ne3 Qe8 20. Rb1 Nd4 21. Ned5 {
1-0 Csom,I-Nagy,E/HUN-ch 1972/MCL (36)}) (11... f5 12. b4 $5 cxb4 13. axb4 Nxb4
14. Rxb4 axb4 15. Qxa8 bxc3 16. Bxc3 $14) 12. Rfc1 f5 {Die Stellung ist nicht
neu für den ungarischen Großmeister - er hatte dieselbe Stellung schon 1972
auf dem Brett!} 13. Qd1 {Großmeister Csom verbessert sein früheres Spiel - der
Damenzug ist logischer als der sofortige Springerzug nach e1, denn die Dame
muss früher, oder später ohnehin "nach Hause", sprich d1.} (13. Ne1 f4 14. Nc2
Rf7 15. Qb5 Bd7 16. Qb3 Kh7 17. Ne4 a4 18. Qa2 Be6 19. b4 b6 20. b5 d5 21. bxc6
dxe4 22. Bxe4 Rb8 23. Ne1 Qd6 24. Qc2 Nxc6 25. Bc3 {1-0 Csom,I-Pogats,J/HUN-ch
1972/MCL (54)}) 13... f4 (13... Qd7 14. Ne1 f4 15. Nd5 fxg3 16. hxg3 Rab8 17.
Nc2 $5 (17. b4 $5 axb4 18. axb4 $13) 17... Rf7 18. Nxe7+ Nxe7 $5 19. Bxa5 Rbf8
20. Be1 h5 $44 {0-1 Polgar,I-Ribli,Z/HUN-ch 1972/MCL/[Gagarin] (27) ->>>/}) 14.
Ne4 {[%csl Ge4] Weiß hat einen starken Springerposten auf e4, aber Schwarz
besitzt Angriffschancen am Königsflügel.} (14. e3 g5) 14... g5 $13 15. b4 b6 (
15... axb4 16. axb4 b6 (16... cxb4 17. Bxb4 Nxb4 18. Rxb4 $14 {Weiß hat die
bessere Bauernstruktur und Initiative am Damenflügel.}) 17. bxc5 bxc5 18. Rb7
Bc8 19. Rb2 $13) 16. bxc5 (16. b5 $6 {Dieser Zug wäre weniger logisch - jetzt
hat Weiß kein Spiel am Damenflügel.} Nd4 $13) 16... bxc5 17. Rb7 Bc8 (17... Ra7
18. Rcb1) 18. Rb2 {Dieser Turmzug ist praktisch erzwungen, im Falle von 18.
Rbb1 kann Schwarz - wenn er möchte - mit 18...Be6 die Züge wiederholen.} Nf5 (
18... g4 19. Ne1 (19. Nh4)) 19. Rcb1 {[%cal Gb1b8] Weiß kontrolliert
vollständig die b-Linie, aber als Eindringungsfeld für seine Türme hat er nur
das Feld b6.} g4 20. Ne1 Ra6 {Aljechen, der vierte Weltmeister, wäre zufrieden
mit dieser Stellung (vielleicht mit beiden Farben!) - er sagte "Spielen an
beiden Flügeln - das ist meine beliebte Strategie!". Schwarz hat eine
Angriffsstellung am Königsflügel, und zugleich verteidigt sich gegen das
Eindringen der weißen Türme auf b6.} 21. Nc2 $6 {Dieser Zug gefällt mir nicht
- der Springer steht nicht besser auf c2 als auf e1 und bewegt sich vom
Königsflügel fort.} (21. Nc3 $5 {Anschließend kann Weiß eventuell Bd5+ und Ng2
spielen.}) 21... h5 22. Nc3 h4 $40 {Schwarz hat klare Initiative am
Königsflügel, dennoch ist die weiße Stellung solide.} 23. Bd5+ Kh8 24. Ne4 {
Endlich ist der Pg3 verteidigt. Das Problem ist, dass Weiß versuchen muss, den
starken weißfeldrigen Läufer zu tauschen.} Nfe7 (24... Nce7 $2 25. Bb7 Bxb7 26.
Rxb7 $14) 25. Ne1 {Weiß hat nichts besseres, der Springer geht zurück.} hxg3
26. hxg3 Nxd5 27. cxd5 Ne7 28. Qb3 (28. Nc3 fxg3 29. fxg3 Nf5 $40) 28... Nf5 {
[%cal Rf5d4,Rd4e2,Re2g1,Rd4b3]} (28... Qe8 $15 {[%cal Ge8f7,Gf7f1,Gf7d5]}) 29.
Qc4 fxg3 30. fxg3 {[#]} Nxg3 $2 {[%mdl 512] Dieses Springeropfer kommt sehr
unerwartet. Ich bin nicht davon überzeugt, dass es (völlig) korrekt ist. Aber,
in einer praktische Partie: wer kann da alle Varianten korrekt berechnen?} 31.
Bg5 $1 {Dieser Zwischenzug ist logisch - die Dame muss die Diagonale d8-h4
verlassen.} (31. Nxg3 $5 Qh4 32. Nh1 {Der Springer steht genügsam auf h1, aber
er verteidigt die Königsstellung. Der Zug 32...g3 geht nicht, weil die weiße
Dame auf c4 steht.} Rf1+ {Ich sehe keine andere vernünftige Fortsetzung für
Schwarz.} (32... Ra7 $2 33. Ng2 $18) 33. Kxf1 Qxh1+ 34. Kf2 Qh2+ (34... g3+ 35.
Kxg3 {Der König steht allein im Sturm, trotzdem sehe ich keine deutliche
Angriffsfortsetzung für Schwarz.}) 35. Ng2 Ra7 {[%cal Ra7f7,Rf7f2]} 36. Bg5
Rf7+ 37. Ke1 Qxg2 38. Rb8 $16) 31... Rf1+ 32. Kg2 Qf8 33. Kxg3 (33. Nxg3 $4
Qf2#) 33... Rh1 {Schwarz hat keine konkreten Drohungen, er versucht im Trüben 
(und in Zeitnot) zu fischen. 34.Ng2?? wäre ganz schlecht wegen 34...Rh3 und
Matt.} (33... Bh6 $2 34. Ng2 $18) 34. Nc2 $18 {Weiß hat eine ganze Figur mehr
- Schwarz hat zwar schenbar eine aktive Stellung, aber in Wirklichkeit hat er
keine Kompensation.} (34. Rb8 $1 $18) 34... Rh3+ 35. Kg2 Ra7 36. Rf1 (36. Rb8
$18) 36... Rh2+ $8 37. Kxh2 Qxf1 38. Ne3 Qh3+ 39. Kg1 {[%mdl 1024] Mit einer
Figur mehr steht Weiß auf Gewinn.} Rf7 (39... g3 40. Nf1 g2 41. Nfg3 Rf7 42.
Rb1 $18) 40. Rb8 $2 $138 {Auf den ersten Blick scheint es, als sollte Weiß
leicht gewinnen, aber -wie so oft - ist der letzte Zug vor der Zeitkontrolle
ein Fehler.} (40. Nxd6 $1 Qg3+ (40... Rf8 41. Nxc8 $18) 41. Ng2 Qf2+ 42. Kh1
$18 (42. Kh2 $4 g3+ $19)) 40... g3 {[%cal Rh3h2,Rh2g1]} 41. Rxc8+ Bf8 $1 {
Das ist ein kleines Wunder auf dem Schachbrett - Weiß hat zwei Figuren mehr
und Schwarz ist dennoch nicht verloren.} (41... Qxc8 $2 42. Nxd6 $18) (41...
Kh7 $2 42. Nf6+ Rxf6 43. Qh4+ $18) 42. Nxg3 Qxg3+ 43. Ng2 (43. Kh1 $4 Rh7+ $19)
43... Qxg5 44. Qh4+ Qxh4 45. Nxh4 $14 {Weiß hat theoretisch Vorteil - der
schwarze Läufer steht passiv und hat wenig Chancen, aktiv ins Geschehen
einzugreifen.} Kg7 46. e4 {[%csl Yf5][%cal Gh4f5]} Rb7 47. Nf5+ Kf7 48. Kf2 $6
(48. Ra8 Rb3 49. Rxa5 Rxd3 50. Kf2 $14) 48... Rb3 49. Ke2 (49. Rc7+ Kg6 $11)
49... Rxa3 50. Rc6 Ra2+ 51. Kd1 a4 52. Nxd6+ Bxd6 (52... Ke7 $2 53. Nc4 $16)
53. Rxd6 a3 $11 {In diesem Turmendspiel hat Weiß wegen der schwachen schwarzen
Bauern theoretisch Vorteil, aber Schwarz verfügt über ausreichendes Gegenspiel.
} 54. Ra6 Ke7 55. Kc1 (55. Re6+ Kd7 56. Rxe5 Rh2 $19 {[%cal Ra3a2,Ra2a1]})
55... Kd7 {Beide Könige stehen passiv - das Endspiel ist Remis.} 56. Ra7+ Kd6
57. Ra5 Ra1+ (57... Kd7 58. Rxc5 Rg2 59. Ra5 a2 $11) 58. Kc2 Ra2+ 59. Kb3 Rd2
60. Ra6+ Kd7 61. Kc3 Ra2 62. Kb3 Rd2 63. Kc3 Ra2 64. Kb3 Rd2 65. Kc3 {Und
Remis durch Zugwiederholung.} 1/2-1/2

[Event "EU-ch 6th"]
[Site "Warsaw"]
[Date "2005.06.26"]
[Round "8"]
[White "Pantsulaia, Levan"]
[Black "Karjakin, Sergey"]
[Result "0-1"]
[WhiteElo "2496"]
[BlackElo "2635"]
[Annotator "Ribli,Z"]
[PlyCount "64"]
[EventDate "2005.06.18"]
[EventType "swiss"]
[EventRounds "13"]
[EventCountry "POL"]
[SourceTitle "CBM 108"]
[Source "ChessBase"]
[SourceDate "2005.09.26"]
[SourceVersion "1"]
[SourceVersionDate "2005.09.26"]
[SourceQuality "1"]

1. Nf3 c5 2. c4 Nc6 3. g3 e5 {Schwarz möchte eine asymmetrische
Eröffnungstellung erreichen. Das Feld d5 bleibt ein positionelles Loch in der
schwarzen Stellung; im Gegenzug kann er seinen Königsspringer flexibel über e7
entwickeln.} 4. Nc3 g6 5. Bg2 Bg7 6. O-O d6 7. a3 Nge7 8. d3 O-O 9. Ne1 {
[%csl Yd5][%cal Ge1c2,Gc2e3,Ge3d5] Das Feld d5 ist ein positionelles Loch in
der schwarzen Stellung und mit dem Textzug bereitet Weiß das Springermanöver
Nc2-Ne3-Nd5 vor. Aber nach meiner Meinung wäre es, besser zuerst 9.Rb1!? zu
spielen.} (9. Rb1 $5) 9... Be6 10. Nd5 {Weiß muss das Feld d5 besetzen, sonst
spielt Schwarz 10...d5.} (10. Nc2 d5) 10... Rb8 $1 {[%cal Gb7b5] Es ist
Schwarz, der b7-b5 spielen möchte.} 11. Nc2 (11. b4 e4 12. Nxe7+ (12. Rb1 Bxd5)
12... Qxe7 13. Rb1 d5 $5 (13... exd3)) 11... b5 12. Rb1 a5 13. Bd2 a4 $5 {
[%mdl 4] Schwarz hält die Spannung in der Stellung aufrecht und gewinnt Raum
am Damenflügel.} (13... bxc4 14. dxc4 a4 15. Bc3 Nd4 16. e3 Nxc2 17. Qxc2 Nxd5
18. cxd5 Bd7 19. b4 axb3 20. Rxb3 Ba4 21. Rxb8 Bxc2 22. Rxd8 Rxd8 {0-1
Prosviriakov,V-Chekhov,V/Moscow 1996/CBM 56 ext (40)}) (13... b4 14. Nce3 (14.
axb4 axb4 15. Ra1 Qc8 16. Nce3 Kh8 17. Nxe7 Nxe7 18. Ra7 Nc6 19. Ra2 Nd4 20.
Nd5 Bh3 21. Bxh3 Qxh3 22. Ra6 {1-0 Kirillov,A-Maletin,P/Novosibirsk 2001/CBM
82 ext (30)}) 14... f5 15. axb4 axb4 16. Ra1 f4 17. Nc2 g5 18. Ra6 Bf7 19. b3
Nxd5 20. cxd5 Ne7 21. e4 Ra8 22. Qa1 Qc8 {1/2-1/2 Konopka,M-Kabanov,N/
Pardubice 2000/(42)}) 14. Nxe7+ Nxe7 15. Ne3 f5 $1 {Schwarz hat Raumvorteil.}
16. f4 Qd7 17. cxb5 $6 {Nach diesem Zug bekommt Schwarz freie Hand. Weiß
musste 17.b4 spielen mit Hoffnung auf Gegenspiel.} (17. b4 $142 axb3 18. Rxb3)
17... exf4 18. gxf4 Ba2 $6 (18... Bb3 $1 19. Qc1 d5 20. Qxc5 $2 Rfc8 21. Qb4
Rxb5 $19) 19. Qxa4 $8 {Weiß opfert Material und bekommt Gegenchancen.} Bxb1 (
19... Rxb5 $5 20. Ra1 Bb3 21. Qa6 Bxb2 22. Rab1 Ba2 23. Qa4 Rd8 (23... Bxb1 24.
Rxb1) 24. Ba5 Rxa5 25. Qxd7 Rxd7 26. Rxb2 Rxa3 $17) 20. Qb3+ Kh8 21. a4 $1 {
[%csl Ga4,Rb1,Gb5] Weiß hat einen Turm weniger, aber es "hängt" der Bb1.
Darüber hinaus hat Weiß potentiell gefährliche Freibauern am Damenflügel.} g5
$1 {Schwarz leitet mit diesem Zug einen Gegenangriff am Königsflügel ein.} 22.
Rxb1 gxf4 23. Nd5 Qe6 $1 {[%csl Ge6][%cal Ge6b3,Re6e2]} 24. Bf3 Ng6 {[%cal
Gg6e5,Gg6h4]} 25. Qc4 $2 (25. Kh1 $1 $13) 25... Bd4+ 26. Kh1 Ne5 {[%cal Re5f3,
Re5c4]} 27. Qc2 (27. Qb3 Nxf3 28. exf3 Rg8 $19 {[%cal Re6e2]}) 27... Nxf3 28.
Nxf4 Qe5 29. exf3 Rg8 $19 {[%csl Ge5,Gg8,Rh1][%cal Gg8g1][%mdl 128] Die
schwarzen Drohungen bringen den weißen König in große Not.} 30. Qc4 (30. Re1 $2
Qxe1+ 31. Bxe1 Rg1#) (30. Rf1 Rb7 $19 {[%cal Rb7g7,Rg8g1]}) 30... Rbe8 31. h3
Qg7 32. Rf1 (32. Bc3 Re3 $19) 32... Qg3 0-1

[Event "MK Cafe Cup-A"]
[Site "Koszalin"]
[Date "1999.08.03"]
[Round "1"]
[White "Stryjecki, Marek"]
[Black "Ulybin, Mikhail"]
[Result "0-1"]
[WhiteElo "2448"]
[BlackElo "2562"]
[Annotator "Ribli,Z"]
[PlyCount "46"]
[EventDate "1999.08.03"]
[EventType "swiss"]
[EventRounds "9"]
[EventCountry "POL"]
[SourceTitle "CBM 073"]
[Source "ChessBase"]
[SourceDate "1999.12.01"]
[SourceVersion "1"]
[SourceVersionDate "1999.12.01"]
[SourceQuality "1"]

{[%mdl 2112]} 1. g3 c5 2. Bg2 Nc6 3. c4 g6 4. Nc3 Bg7 5. Nf3 e6 6. d4 {Weiss
opfert den Bauern für Initiative, aber ich glaube, diese Variante bietet
keinen Eröffnungsvorteil. Ribli.} cxd4 7. Nb5 d5 {Schwarz verteidigt nicht den
d4-Bauern, sondern möchte die Entwicklung schnell beenden.} (7... e5 8. e3 $44)
8. cxd5 exd5 9. O-O Nge7 10. Nbxd4 O-O {Schwarz hat einen isolierten Bauern
auf d5, aber wegen seines aktiven Läufers auf g7 hat er keine Probeme.} 11. Be3
(11. Bg5 $6 Qb6 $1 12. Nxc6 $6 (12. Bxe7 Nxe7 13. Qd2 Bg4 $11) 12... Nxc6 13.
Qxd5 Qxb2 $15 {[%csl Gb2][%cal Gg7a1] 1/2-1/2 Aronian,L-Milu,R/Bucharest 1999/
CBM 70/[Ribli] (45)}) 11... Re8 {[%cal Ge8e3]} 12. Qd2 {[%cal Gf1d1]} (12. Rc1
$5 Nf5 13. Nxf5 Bxf5 14. Qd2 (14. Rc5 d4 15. Nxd4 Bxd4 16. Rxc6 Bxe3 17. Rd6
Qe7 {1/2-1/2 Nogueiras,J-Barbero,G/Thessaloniki 1984/EXT 97-B (33)}) 14... d4 (
14... Be4 $5) (14... Qf6 $5) 15. Bh6 Bh8 16. Ng5 Ne5 17. h3 Qb6 18. g4 Be6 19.
b3 Rad8 20. Nxe6 Rxe6 21. Rfd1 {1-0 Adianto-Gheorghiu/Biel op, SW 1998 (45)}) (
12. Re1 Bg4 (12... Nf5 13. Nxf5 Bxf5 14. Nd4 Be4 15. Rc1 Bxg2 16. Kxg2 Qd7 17.
Nxc6 bxc6 {1/2-1/2 Ledger,A-Emms,J/Southend 1999/CBM 71/[Ribli] (39)}) 13. Qd2
(13. Qa4 Qd7 14. Nxc6 Nxc6 15. Qb5 d4 16. Rad1 Rad8 17. Bg5 Rc8 {0-1 Foisor,
O-Lesiege,A/Hyeres 1992/TD (55)}) 13... Bxf3 14. Nxc6 bxc6 15. Bxf3 Nf5 16. Bc5
Qf6 17. Rab1 Nd6 18. Bxd6 Qxd6 {1/2-1/2 Vaulin,A-Ulibin,M/Nizhnij Tagil 1998/
EXT 99 (71)}) 12... Nf5 {Schwarz hat lebendiges Figurenspiel als vollwertige
Kompensation für den isolierten Bauern. Schwarz möchte jetzt dreimal auf d4
nehmen und dann mit Ausgleich auf e2.} 13. Nxf5 (13. Nxc6 bxc6 14. Bf4 Nd6 15.
Bxd6 Qxd6 16. Rac1 a5 17. e3 Bd7 18. Nd4 a4 19. Rfd1 Rab8 20. Qc2 Rb6 21. b3
Reb8 {1/2-1/2 Ledger,A-Ward,C/ENG 1992/CBM 30 ext (48)}) 13... Bxf5 $11 {
[%csl Gf5,Gg7][%cal Ge8e1]} 14. Rfd1 (14. Bh6 Be4 $11) (14. Bd4 $11) (14. Bg5
$2 Qb6 $17 {[%csl Rb2,Gf5,Gg7]}) 14... Qf6 $15 {[%csl Rb2][%cal Rg7b2]} 15. Nh4
$6 {Der Springer steht nicht besonders gut auf h4. Es wäre besser, mit 15.Nd4
einen Bauern für etwas Aktivität zu geben.} (15. Nd4 Nxd4 16. Bxd4 Qxd4 17.
Qxd4 Bxd4 18. Rxd4 Rxe2 $15) (15. b3 Qxa1 16. Rxa1 Bxa1 17. Qxd5 Rad8 $17)
15... Be4 16. f3 $2 {Dieser Zug schwächt die weisse Königsstellung und
zerstört die Figurenkoordination.} (16. Bxe4 dxe4 $15 {[%csl Rb2,Rh4]}) 16...
Bc2 $1 $17 17. Re1 (17. Qxc2 Rxe3 $17 {[%csl Rb2,Ge3,Rg2,Rh4][%cal Rg7b2]})
17... Qxb2 {Schwarz hat einen Bauern mehr und die weissen Figuren stehen
katastrophal. Es droht z.B. 18...Rxe3 19.Qxe3 Bd4 mit sofortigem Gewinn.} 18.
Bf2 Qc3 (18... Bc3 {[%cal Rc3e1]} 19. Qxd5 Rad8 $19) 19. Qxd5 {Die Stellung
ist materiell gleich, aber dank seines ausgezeichneten Figurenspiels steht
Schwarz viel besser.} (19. Qg5 Qc4 $19) (19. Qxc3 Bxc3 $18 {[%cal Rc3a1,Rc3e1]}
) 19... Rad8 20. Qb5 (20. Qg5 Qd2 21. Qxd2 Rxd2 {[%cal Rg7a1]} 22. Rac1 g5 {
[%csl Rh4]}) 20... Nd4 21. Bxd4 (21. Qxb7 Nxe2+ 22. Kh1 g5 $19 {[%csl Rh4]})
21... Bxd4+ {Das schwarze Läuferpaar beherrscht das Brett. Weiss muss bereits
Material geben.} 22. Kh1 Qd2 $19 {[%cal Rd4a1]} 23. Rac1 Re5 (23... Re5 24.
Qxb7 (24. Qc4 Rc5 $19 {[%csl Rc4] Die weisse Dame hat kein Feld!}) 24... Rxe2
25. Rf1 g5 $19 {[%csl Rh4]}) 0-1

[Event "URS-ch U26"]
[Site "Minsk"]
[Date "1990.??.??"]
[Round "?"]
[White "Akopian, Vladimir Eduardovic"]
[Black "Kruppa, Yuri"]
[Result "1-0"]
[WhiteElo "2550"]
[BlackElo "2460"]
[Annotator "Ribli,Z"]
[PlyCount "81"]
[EventDate "1990.01.??"]
[EventType "tourn"]
[EventRounds "13"]
[EventCountry "URS"]
[EventCategory "10"]
[SourceTitle "CBM 017"]
[Source "ChessBase"]
[SourceDate "1990.08.01"]
[SourceVersion "1"]
[SourceVersionDate "1990.08.01"]
[SourceQuality "1"]

1. c4 c5 2. Nc3 g6 3. g3 Bg7 4. Bg2 Nc6 5. Nf3 e6 6. O-O (6. d4 $5 {Gurevich,
D-Dlugy,M/ New York op 1989}) 6... Nge7 7. b3 O-O (7... d5 $1 {Schussler,
H-Hansen,C/ Vejstrup 1989}) 8. Bb2 d5 9. cxd5 Nxd5 $5 (9... exd5 10. Na4 Bxb2
11. Nxb2 Bg4 $11) 10. Qc1 Nxc3 11. Bxc3 e5 12. d3 Bg4 13. h3 Bd7 14. Bd2 Qe7
15. Rb1 Rac8 16. Kh2 b6 17. Bh6 Nd4 {=} 18. Bxg7 Kxg7 19. Qe3 Rfe8 20. Rfc1 Qd6
$6 (20... Bc6 $5) 21. Nd2 f5 $6 (21... Bc6 $5) 22. Nc4 Qf6 23. Qd2 Bc6 24. e3
Nf3+ 25. Bxf3 Bxf3 26. b4 Ba8 $6 (26... h5) 27. bxc5 Rxc5 28. f4 $1 exf4 29.
gxf4 b5 $6 30. Na5 Rxc1 31. Rxc1 Qb6 32. Re1 Rc8 33. Nb3 b4 34. Nd4 $1 a5 35.
Qb2 Kh6 36. Rg1 Rc3 $2 37. Nxf5+ $1 gxf5 38. Qf2 Rc2 39. Qxc2 Qxe3 40. Qb2
Qxf4+ 41. Rg3 1-0